[Event "Niederoesterreichische Landesliga 2014/2015"]
[Site "NOE"]
[Date "2014.10.05"]
[Round "1"]
[Board "1"]
[White "Lendwai, Reinhard"]
[Black "Wagner, Stefan"]
[Result "1/2-1/2"]
[WhiteElo "2350"]
[BlackElo "2121"]
[PlyCount "64"]
[EventDate "2014.10.05"]
[EventType "team"]
[EventRounds "11"]
[EventCountry "AUT"]
[WhiteTeam "SK Advisory Invest Baden 2"]
[BlackTeam "Litschau/Eisgarn"]

1. d4 c5 2. d5 e5 3. e4 d6 4. Bb5+ Bd7 5. a4 a6 6. Bd3 Be7 7. Ne2 Bg5 8. Nd2
Bg4 9. f3 Bc8 10. a5 Ne7 11. Nc4 Bxc1 12. Qxc1 Qc7 13. f4 f6 14. fxe5 fxe5 15.
O-O h6 16. Qe3 Nd7 17. Qg3 Rg8 18. Qh4 Nf6 19. Rxf6 gxf6 20. Qxf6 Rg6 21. Qh4
Bg4 22. Nb6 Rd8 23. Ng3 Ng8 24. h3 Bc8 25. Nh5 Qe7 26. Qxe7+ Kxe7 27. Kh2 Nf6
28. Ng3 Rdg8 29. Nxc8+ Rxc8 30. Nf5+ Kd7 31. c4 Rcg8 32. g3 Nh5  1/2-1/2

[Event "Niederoesterreichische Landesliga 2014/2015"]
[Site "NOE"]
[Date "2014.10.05"]
[Round "1"]
[Board "2"]
[White "Plasil, Jiri"]
[Black "Juenger, Heinz"]
[Result "1-0"]
[WhiteElo "2120"]
[BlackElo "2117"]
[PlyCount "81"]
[EventDate "2014.10.05"]
[EventType "team"]
[EventRounds "11"]
[EventCountry "AUT"]
[WhiteTeam "Litschau/Eisgarn"]
[BlackTeam "SK Advisory Invest Baden 2"]

1. e4 e5 2. Bc4 Nc6 3. d3 Nf6 4. Bg5 h6 5. Bh4 Be7 6. a3 d6 7. h3 Be6
8. Bxe6 fxe6 9. Nd2 O-O 10. Ngf3 Qe8 11. Qe2 Rb8 12. g4 Nh7 13. Bxe7 Qxe7 14.
c3 Rf4 15. Rh2 Qf6 16. Ng1 g5 17. f3 Qg7 18. h4 Ne7 19. hxg5 hxg5 20. Qe3 c5
21. Ne2 Rf6 22. O-O-O Rh6 23. Rdh1 Rxh2 24. Rxh2 Ng6 25. Rh5 Nf4 26. Nxf4 exf4
27. Qe2 b5 28. e5 d5 29. Nb3 Rc8 30. d4 c4 31. Nc5 Nf8 32. Qh2 a5 33. Rh6 Rc6
34. Qh5 Rb6 35. Rf6 b4 36. Qe8 bxc3 37. bxc3 Rb1+ 38. Kxb1 Qh7+ 39. Rg6+ Qxg6+
40. Qxg6+ Nxg6 41. Nxe6  1-0

[Event "Niederoesterreichische Landesliga 2014/2015"]
[Site "NOE"]
[Date "2014.10.05"]
[Round "1"]
[Board "3"]
[White "Herndlbauer, Martin"]
[Black "Popelka, Oldrich"]
[Result "1-0"]
[WhiteElo "2110"]
[BlackElo "2080"]
[PlyCount "53"]
[EventDate "2014.10.05"]
[EventType "team"]
[EventRounds "11"]
[EventCountry "AUT"]
[WhiteTeam "SK Advisory Invest Baden 2"]
[BlackTeam "Litschau/Eisgarn"]

1. d4  Nf6 2. c4 g6 3. f3 Bg7 4. e4 d6 5. Nc3 c6 6. Bg5 Nbd7 7. Qd2 a6 8.
Rc1 O-O 9. Nge2 b5 10. cxb5 axb5 11. b3 Qa5 12. Bh6 Ba6 13. Bxg7 Kxg7 14. Rc2
Rfc8 15. h4 c5 16. h5 cxd4 17. Nxd4 b4 18. hxg6 fxg6 19. Bxa6 Rxa6 20. Nd5 Rxc2
21. Nxc2 Qxa2 22. Ndxb4 Qb1+ 23. Kf2 Qxh1 24. Nxa6 Qh4+ 25. Kg1 Nh5 26. Nc7 Nf4
27. Qxf4  1-0

[Event "Niederoesterreichische Landesliga 2014/2015"]
[Site "NOE"]
[Date "2014.10.05"]
[Round "1"]
[Board "4"]
[White "Ptacnik, Pavel"]
[Black "Stangler, Peter"]
[Result "1/2-1/2"]
[WhiteElo "2015"]
[BlackElo "2022"]
[PlyCount "72"]
[EventDate "2014.10.05"]
[EventType "team"]
[EventRounds "11"]
[EventCountry "AUT"]
[WhiteTeam "Litschau/Eisgarn"]
[BlackTeam "SK Advisory Invest Baden 2"]

1. e4 c5 2. Nc3 Nc6 3. g3 g6 4. Bg2 Bg7 5. f4 e6 6. Nf3 Nge7 7. O-O O-O 8. d3
a6 9. g4 f5 10. gxf5 exf5 11. a4 Rb8 12. Ne2 d5 13. e5 h6 14. c3 Be6 15. d4 c4
16. Kh1 Rf7 17. Qe1 Na5 18. Be3 b5 19. axb5 Rxb5 20. Ra2 Qb6 21. Qd2 Nb3 22.
Qc2 a5 23. Rg1 Bf8 24. Nh4 Rg7 25. Bf3 Qa6 26. Ng3 a4 27. Qg2 Ra5 28. Nf1 Bf7
29. Qh3 a3 30. Bd1 axb2 31. Rxb2 Ra2 32. Qg2 Ra3 33. Nf3 Qa5 34. Bxb3 cxb3 35.
Bd2 Qa4 36. Ne3 Be6  1/2-1/2

[Event "Niederoesterreichische Landesliga 2014/2015"]
[Site "NOE"]
[Date "2014.10.05"]
[Round "1"]
[Board "1"]
[White "Menezes, Christoph"]
[Black "Froewis, Georg"]
[Result "1/2-1/2"]
[WhiteElo "2329"]
[BlackElo "2437"]
[PlyCount "36"]
[EventDate "2014.10.05"]
[EventType "team"]
[EventRounds "11"]
[EventCountry "AUT"]
[WhiteTeam "Schachklub Mostarrichi"]
[BlackTeam "SGM Voest Krems"]

1. d4 d5 2. c4 e6 3. Nf3 Nf6 4. Nc3 c5 5. cxd5 cxd4 6. Qxd4 exd5 7. e4 Nc6 8.
Bb5 dxe4 9. Qxd8+ Kxd8 10. Ng5 Be6 11. O-O Bb4 12. Ncxe4 Nxe4 13. Nxe4 a6 14.
Be2 Ke7 15. Be3 Rhd8 16. Nc5 Nd4 17. Bxd4 Rxd4 18. Nxe6 Kxe6  1/2-1/2

[Event "Niederoesterreichische Landesliga 2014/2015"]
[Site "NOE"]
[Date "2014.10.05"]
[Round "1"]
[Board "2"]
[White "Kleiser, Gregor"]
[Black "Knoll, Hermann"]
[Result "0-1"]
[WhiteElo "2300"]
[BlackElo "2307"]
[PlyCount "82"]
[EventDate "2014.10.05"]
[EventType "team"]
[EventRounds "11"]
[EventCountry "AUT"]
[WhiteTeam "SGM Voest Krems"]
[BlackTeam "Schachklub Mostarrichi"]

1. d4 Nf6 2. c4 e6 3. Nf3 b6 4. g3 Ba6 5. Qc2 Bb7 6. Bg2 c5 7. O-O Nc6 8. Rd1
Rc8 9. Nc3 cxd4 10. Nxd4 Nxd4 11. Rxd4 Bxg2 12. Kxg2 Qc7 13. Bg5 Bc5 14. Bxf6
gxf6 15. Rh4 f5 16. Rd1 a6 17. f3 h5 18. Qa4 Qb7 19. b4 Be7 20. Rhd4 Rc7 21. e4
Bf6 22. exf5 Bxd4 23. Rxd4 b5 24. Qa5 Rxc4 25. Rxc4 bxc4 26. Ne4 Qc6 27. Qe5
Rh6 28. f6 Kd8 29. Qb8+ Qc8 30. Qd6 Rh8 31. Nc5 c3 32. Qb6+ Ke8 33. Nb7 Kf8 34.
Qd6+ Kg8 35. Nc5 c2 36. Qd2 Rh7 37. Qxc2 d6 38. Qd2 dxc5 39. bxc5 Qxc5 40. Qd8+
Qf8 41. Qa5 Rh6  0-1

[Event "Niederoesterreichische Landesliga 2014/2015"]
[Site "NOE"]
[Date "2014.10.05"]
[Round "1"]
[Board "3"]
[White "Ehs, Dominik"]
[Black "Luncescu, Christian"]
[Result "1/2-1/2"]
[WhiteElo "2056"]
[BlackElo "2193"]
[PlyCount "69"]
[EventDate "2014.10.05"]
[EventType "team"]
[EventRounds "11"]
[EventCountry "AUT"]
[WhiteTeam "Schachklub Mostarrichi"]
[BlackTeam "SGM Voest Krems"]

1. e4 d5 2. exd5 Qxd5 3. Nc3 Qa5 4. Nf3 Nf6 5. d4 c6 6. Bc4 Bf5 7. O-O e6 8.
Re1 Be7 9. Bd2 Qc7 10. Ne5 Nbd7 11. Bf4 Nxe5 12. Bxe5 Qd7 13. Bd3 Bg6 14. Ne4
Rd8 15. Qe2 Nxe4 16. Bxe4 O-O 17. Rad1 Rfe8 18. Bxg6 hxg6 19. Rd3 Qd5 20. a3
Qb5 21. Rb3 Qxe2 22. Rxe2 f6 23. Bg3 Rxd4 24. h3 e5 25. Rxb7 Bc5 26. Kh2 Red8
27. b4 Bb6 28. f4 Rd1 29. fxe5 Bg1+ 30. Kh1 Bd4+ 31. Kh2 Re8 32. e6 Bg1+ 33.
Kh1 Bf2+ 34. Kh2 Bg1+ 35. Kh1  1/2-1/2

[Event "Niederoesterreichische Landesliga 2014/2015"]
[Site "NOE"]
[Date "2014.10.05"]
[Round "1"]
[Board "4"]
[White "Winiwarter, Felix"]
[Black "Steiner, Heinz"]
[Result "1/2-1/2"]
[WhiteElo "2162"]
[BlackElo "2108"]
[PlyCount "40"]
[EventDate "2014.10.05"]
[EventType "team"]
[EventRounds "11"]
[EventCountry "AUT"]
[WhiteTeam "SGM Voest Krems"]
[BlackTeam "Schachklub Mostarrichi"]

1. e4 c5 2. Nf3 e6 3. d4 cxd4 4. Nxd4 a6 5. Bd3 Qc7 6. O-O Nf6 7. Kh1 Be7 8. f4
d6 9. Nc3 O-O 10. Qf3 Nbd7 11. Bd2 Nc5 12. Rae1 Nxd3 13. cxd3 Qc5 14. Be3 Qh5
15. f5 Qxf3 16. Rxf3 Ng4 17. fxe6 fxe6 18. Bg1 Bd7 19. Rxf8+ Rxf8 20. Nf3 Bf6
 1/2-1/2

[Event "Niederoesterreichische Landesliga 2014/2015"]
[Site "NOE"]
[Date "2014.10.05"]
[Round "1"]
[Board "1"]
[White "Vrana, Frantisek"]
[Black "Polak, Thomas"]
[Result "0-1"]
[WhiteElo "2249"]
[BlackElo "2511"]
[PlyCount "106"]
[EventDate "2014.10.05"]
[EventType "team"]
[EventRounds "11"]
[EventCountry "AUT"]
[WhiteTeam "SV Mistelbach"]
[BlackTeam "SV Stockerau 2"]

1. d4 Nf6 2. Nf3 e6 3. Bf4 c5 4. c3 cxd4 5. cxd4 Qb6 6. Qb3 Qxb3 7. axb3 Nc6 8.
Nbd2 Nh5 9. Bg3 Nxg3 10. hxg3 d5 11. e3 Bd6 12. Be2 Bd7 13. O-O Ke7 14. Nb1 f6
15. Nc3 g5 16. Ne1 b6 17. Nd3 Na5 18. b4 Nc6 19. b5 Na5 20. Nc1 Rac8 21. e4
dxe4 22. Nxe4 Bb8 23. Re1 Rhd8 24. d5 exd5 25. Nc3 Kf8 26. Nxd5 Be5 27. Nd3
Bxb5 28. Nxe5 Rxd5 29. Ng4 Bxe2 30. Rxe2 Rd6 31. Nh6 Re8 32. Rc2 Rd7 33. Rc3
Kg7 34. Nf5+ Kg6 35. g4 h5 36. b4 hxg4 37. Ne3 Nb7 38. Rxa7 Re4 39. Rc4 Rxc4
40. Nxc4 b5 41. Ne3 f5 42. g3 Kf6 43. Kg2 Ke6 44. Kf1 Nd6 45. Ra6 Ke5 46. Rc6
Ra7 47. Rc5+ Ke4 48. Rc6 Nf7 49. Rf6 Ne5 50. Rxf5 Ra1+ 51. Ke2 Nf3 52. Nc2 Ra2
53. Rc5 Rxc2+  0-1

[Event "Niederoesterreichische Landesliga 2014/2015"]
[Site "NOE"]
[Date "2014.10.05"]
[Round "1"]
[Board "2"]
[White "Schmid, Thomas"]
[Black "Hofmann, Thomas"]
[Result "1/2-1/2"]
[WhiteElo "2193"]
[BlackElo "2195"]
[PlyCount "143"]
[EventDate "2014.10.05"]
[EventType "team"]
[EventRounds "11"]
[EventCountry "AUT"]
[WhiteTeam "SV Stockerau 2"]
[BlackTeam "SV Mistelbach"]

1. e4 d5 2. exd5 Qxd5 3. Nc3 Qa5 4. d4 Nf6 5. Nf3 Nc6 6. d5 Nb4 7. Bb5+ Bd7 8.
Bxd7+ Nxd7 9. O-O Nf6 10. Re1 Rd8 11. Qe2 Nbxd5 12. Nxd5 Qxd5 13. Bf4 Qc5 14.
a4 Nd5 15. Be5 e6 16. Rad1 h6 17. Nd4 Rd7 18. c4 Nb4 19. Nb5 Bd6 20. Bxg7 Rg8
21. Bd4 Qg5 22. Nxd6+ Rxd6 23. f3 Nc6 24. Be3 Qf6 25. Bc5 Nd4 26. Bxd4 Rxd4 27.
Rxd4 Qxd4+ 28. Kh1 Rg5 29. Rd1 Re5 30. Qc2 Re3 31. h3 Qe5 32. Qd2 Kf8 33. Qd8+
Kg7 34. Qh4 Kh7 35. f4 Qxb2 36. Rd7 Qb1+ 37. Kh2 Qg6 38. Rxc7 Re2 39. Qg4 Qxg4
40. hxg4 Ra2 41. Rxf7+ Kg6 42. Rxb7 Rxa4 43. Rc7 a5 44. g3 Ra2+ 45. Kh3 a4 46.
c5 Rc2 47. c6 a3 48. Ra7 Rxc6 49. Rxa3 Rc2 50. Ra6 Kf7 51. Ra5 Re2 52. g5 hxg5
53. Rxg5 Kf6 54. Kg4 Rb2 55. Rh5 Rb1 56. Re5 Ra1 57. Kf3 Ra3+ 58. Re3 Ra5 59.
Rb3 Ra6 60. g4 e5 61. f5 Ra4 62. Rb8 Ra3+ 63. Kf2 Kg5 64. Rg8+ Kf6 65. Rg6+ Kf7
66. g5 e4 67. Rf6+ Kg7 68. Ke2 Rf3 69. Kd2 Rg3 70. Rg6+ Kf7 71. Ke2 Rf3 72.
Rf6+  1/2-1/2

[Event "Niederoesterreichische Landesliga 2014/2015"]
[Site "NOE"]
[Date "2014.10.05"]
[Round "1"]
[Board "3"]
[White "Wolfram, Bernd"]
[Black "Amberger, Dieter"]
[Result "1-0"]
[WhiteElo "2228"]
[BlackElo "2086"]
[PlyCount "77"]
[EventDate "2014.10.05"]
[EventType "team"]
[EventRounds "11"]
[EventCountry "AUT"]
[WhiteTeam "SV Mistelbach"]
[BlackTeam "SV Stockerau 2"]

1. c4 e5 2. g3 Nf6 3. Bg2 Bc5 4. Nc3 O-O 5. Nf3 d6 6. O-O Nc6 7. d3 h6 8. a3 a5
9. b3 Be6 10. Bb2 Qd7 11. e3 Bh3 12. d4 Bxg2 13. Kxg2 Bb6 14. Nd5 e4 15. Nxf6+
gxf6 16. Nh4 Kh7 17. Qh5 Rg8 18. Nf5 Rg6 19. f3 Re8 20. Kh1 d5 21. fxe4 Rxe4
22. Qf3 Qe6 23. Rae1 Rg5 24. Bc3 Kg6 25. Nh4+ Kg7 26. Nf5+ Kg6 27. Nh4+ Kg7 28.
Ng2 Reg4 29. cxd5 Qxd5 30. Qxf6+ Kg8 31. e4 Qe6 32. d5 Qxf6 33. Bxf6 Ne5 34.
Bxg5 hxg5 35. Re2 Bc5 36. Rf5 Nd3 37. Rf3 Ne5 38. Rc3 Bd6 39. h3  1-0

[Event "Niederoesterreichische Landesliga 2014/2015"]
[Site "NOE"]
[Date "2014.10.05"]
[Round "1"]
[Board "4"]
[White "Pernerstorfer, Johannes"]
[Black "Teuber, Andreas"]
[Result "0-1"]
[WhiteElo "2121"]
[BlackElo "2176"]
[PlyCount "96"]
[EventDate "2014.10.05"]
[EventType "team"]
[EventRounds "11"]
[EventCountry "AUT"]
[WhiteTeam "SV Stockerau 2"]
[BlackTeam "SV Mistelbach"]

1. e4 e5 2. Nf3 Nf6 3. Nc3 Nc6 4. Bb5 Bb4 5. d3 O-O 6. O-O Nd4 7. Bc4 Nxf3+ 8.
Qxf3 d6 9. Bg5 Bxc3 10. bxc3 Be6 11. Bb3 h6 12. Bxf6 Qxf6 13. Qxf6 gxf6 14. f4
Rad8 15. fxe5 fxe5 16. Rf3 Bxb3 17. axb3 a6 18. Raf1 Kg7 19. Rg3+ Kh7 20. Rf6
d5 21. Rh3 dxe4 22. Rfxh6+ Kg7 23. Rh7+ Kf6 24. Kf2 exd3 25. cxd3 Rd7 26. R7h6+
Ke7 27. Re3 f6 28. d4 Kd8 29. dxe5 fxe5+ 30. Ke2 Rd5 31. Rh5 Re8 32. g4 a5 33.
c4 Rc5 34. Re4 b5 35. Kd3 bxc4+ 36. bxc4 a4 37. Kc3 a3 38. Re2 Ra5 39. Ra2 Ra6
40. Rh3 e4 41. Re3 Kd7 42. Kd2 Rf8 43. Ke2 Rf3 44. h4 Kd6 45. h5 Rf4 46. Rg3
Ke5 47. Rg2 Kf6 48. g5+ Kg7  0-1

[Event "Niederoesterreichische Landesliga 2014/2015"]
[Site "NOE"]
[Date "2014.10.05"]
[Round "1"]
[Board "1"]
[White "Banusz, Tamas"]
[Black "Lovrinovic, Christian"]
[Result "1-0"]
[WhiteElo "2595"]
[BlackElo "2154"]
[PlyCount "105"]
[EventDate "2014.10.05"]
[EventType "team"]
[EventRounds "11"]
[EventCountry "AUT"]
[WhiteTeam "SV Amstetten"]
[BlackTeam "KSV Boehlerwerk"]

1. Nf3 d6 2. d4 Nf6 3. c4 g6 4. g3 Bg7 5. Bg2 O-O 6. O-O Nc6 7. Nc3 a6 8. Bf4
h6 9. h3 g5 10. Be3 Bf5 11. d5 Na5 12. Nd4 Bg6 13. b3 Qd7 14. Qd2 c5 15. dxc6
Nxc6 16. Rac1 Rab8 17. Rfd1 Rfd8 18. a4 Kh7 19. Nf3 Na5 20. Qa2 b6 21. Nd5 Nxd5
22. cxd5 b5 23. b4 Nc4 24. Bd4 Ne5 25. a5 Nxf3+ 26. Bxf3 Bxd4 27. Rxd4 Rbc8 28.
Rc6 Qa7 29. Qd2 Rxc6 30. dxc6 Rc8 31. h4 f6 32. Qc3 Rc7 33. Rd1 Qb8 34. Qe3 Qc8
35. Rc1 Kg7 36. Qd4 Bf5 37. Rc3 g4 38. Bg2 h5 39. Re3 Kf7 40. Rc3 Kg7 41. Qb6
e6 42. Qd4 d5 43. e4 dxe4 44. Bxe4 Bxe4 45. Qxe4 Qe8 46. Rc5 e5 47. Qd5 Qe7 48.
Kg2 Kf8 49. Qd3 Kg7 50. Rd5 Qe8 51. Rd7+ Rxd7 52. Qxd7+ Kf8 53. Qh7  1-0

[Event "Niederoesterreichische Landesliga 2014/2015"]
[Site "NOE"]
[Date "2014.10.05"]
[Round "1"]
[Board "2"]
[White "Dornauer, Joachim"]
[Black "Rumpl, Erwin"]
[Result "0-1"]
[WhiteElo "2168"]
[BlackElo "2314"]
[PlyCount "114"]
[EventDate "2014.10.05"]
[EventType "team"]
[EventRounds "11"]
[EventCountry "AUT"]
[WhiteTeam "KSV Boehlerwerk"]
[BlackTeam "SV Amstetten"]

1. d4 c5 2. d5 d6 3. c4 g6 4. e4 Bg7 5. Nc3 e6 6. Nf3 Ne7 7. Be2 O-O 8. O-O
exd5 9. cxd5 h6 10. Nd2 a6 11. a4 Nd7 12. Nc4 Nb6 13. Na3 g5 14. a5 Nd7 15. Nc4
Ne5 16. Nxe5 Bxe5 17. f4 gxf4 18. Bxf4 Ng6 19. Bxe5 Nxe5 20. Qd2 Kg7 21. Nd1
Qg5 22. Qxg5+ hxg5 23. Ne3 Rb8 24. Nc4 Nxc4 25. Bxc4 Re8 26. Rae1 Re5 27. Kf2
Bd7 28. Re3 Rbe8 29. Rfe1 Bb5 30. b3 Bd7 31. R1e2 Bg4 32. Re1 Bh5 33. h3 Bg6
34. Kf3 Rh8 35. Kf2 Rh4 36. g4 Rh8 37. R1e2 Rhe8 38. Kf3 Kf6 39. Re1 R5e7 40.
Bf1 Rb8 41. Ra1 Ke5 42. Bc4 Ree8 43. Rae1 Rh8 44. Kg3 b5 45. axb6 Rxb6 46. Ra1
Ra8 47. Kf3 a5 48. Ra3 Rb4 49. Ra4 Rxa4 50. bxa4 Rb8 51. Bb5 Rh8 52. Bf1 Rc8
53. Ba6 Rc7 54. Bd3 Kd4 55. Bc2 c4 56. Ke2 Re7 57. Kf3 Rb7  0-1

[Event "Niederoesterreichische Landesliga 2014/2015"]
[Site "NOE"]
[Date "2014.10.05"]
[Round "1"]
[Board "3"]
[White "Wadsack, Wolfgang"]
[Black "Danner, Lambert"]
[Result "1/2-1/2"]
[WhiteElo "2141"]
[BlackElo "2115"]
[PlyCount "22"]
[EventDate "2014.10.05"]
[EventType "team"]
[EventRounds "11"]
[EventCountry "AUT"]
[WhiteTeam "SV Amstetten"]
[BlackTeam "KSV Boehlerwerk"]

1. e4 Nf6 2. Nc3 d6 3. d4 Nbd7 4. Be3 c6 5. f3 e5 6. Qd2 Be7 7. Nh3 O-O 8. Nf2
Qc7 9. Be2 b5 10. a3 Bb7 11. O-O a6  1/2-1/2

[Event "Niederoesterreichische Landesliga 2014/2015"]
[Site "NOE"]
[Date "2014.10.05"]
[Round "1"]
[Board "4"]
[White "Strobel, Ferdinand"]
[Black "Rechberger, Franz"]
[Result "0-1"]
[WhiteElo "2086"]
[BlackElo "2059"]
[PlyCount "74"]
[EventDate "2014.10.05"]
[EventType "team"]
[EventRounds "11"]
[EventCountry "AUT"]
[WhiteTeam "KSV Boehlerwerk"]
[BlackTeam "SV Amstetten"]

1. f4 d5 2. Nf3 Nf6 3. g3 g6 4. Bg2 Bg7 5. O-O O-O 6. c3 b6 7. d3 Bb7 8. Qa4 c5
9. f5 Qd7 10. Qh4 Qxf5 11. Bg5 Bc8 12. h3 Qe6 13. Nbd2 Bb7 14. Rae1 Nbd7 15.
Bf4 b5 16. Rf2 Qb6 17. Ref1 Rae8 18. Ne5 Qe6 19. Ndf3 Nxe5 20. Bxe5 h6 21. g4
g5 22. Qg3 a5 23. a3 Rd8 24. b4 d4 25. cxd4 cxb4 26. axb4 a4 27. Nxg5 hxg5 28.
Bxb7 Nd5 29. Rf5 f6 30. e4 Nxb4 31. Bc7 Rxd4 32. Rxb5 Qd7 33. Rd5 Nxd5 34.
Bxd5+ Rxd5 35. exd5 Qxd5 36. Bb6 Rc8 37. Qe3 Rc2  0-1

[Event "Niederoesterreichische Landesliga 2014/2015"]
[Site "NOE"]
[Date "2014.10.05"]
[Round "1"]
[Board "1"]
[White "Schroll, Gerhard"]
[Black "Juhasz, Kristof"]
[Result "0-1"]
[WhiteElo "2381"]
[BlackElo "2356"]
[PlyCount "138"]
[EventDate "2014.10.05"]
[EventType "team"]
[EventRounds "11"]
[EventCountry "AUT"]
[WhiteTeam "SK Zwettl 2"]
[BlackTeam "Sparkasse Bad Voeslau/Kottingbrunn"]

1. d4 Nf6 2. c4 g6 3. Nc3 d5 4. e3 Bg7 5. Qb3 e6 6. Nf3 O-O 7. Bd2 b6 8. cxd5
exd5 9. Qa3 Ne4 10. Rd1 Nxd2 11. Rxd2 Re8 12. Be2 c6 13. O-O b5 14. Qb3 a5 15.
a4 b4 16. Nb1 Nd7 17. Rc2 Bb7 18. Nbd2 Nf8 19. Qa2 Qd6 20. Nb3 Ne6 21. g3 f5
22. Nc5 Nxc5 23. Rxc5 Bxd4 24. exd4 Rxe2 25. Qb3 f4 26. Qd1 Rxb2 27. Ne5 Qf6
28. Qc1 Re2 29. Nxc6 Bxc6 30. Rxc6 Qxd4 31. gxf4 Rf8 32. Qd1 Qxd1 33. Rxd1 b3
34. Rb6 b2 35. Rb1 Rxf4 36. R1xb2 Rxb2 37. Rxb2 Rxa4 38. Rb7 Rd4 39. Ra7 a4 40.
Kf1 Re4 41. Ra5 Rd4 42. Ra7 Rd1+ 43. Ke2 Rh1 44. Rxa4 Rxh2 45. Ra7 Rh5 46. Rd7
Rf5 47. Ke3 g5 48. Ke2 g4 49. Ra7 Rf7 50. Ra5 Rf5 51. Ra7 h5 52. Rd7 h4 53. Rb7
h3 54. Rb4 Rg5 55. Kf1 Kf7 56. Kg1 Ke6 57. Kh2 Kd6 58. Kg3 Kc5 59. Ra4 Rg8 60.
Ra5+ Kc4 61. Ra4+ Kb5 62. Ra1 d4 63. f3 gxf3+ 64. Kxf3 Re8 65. Rc1 Kb4 66. Rd1
Kc3 67. Rc1+ Kd2 68. Rh1 d3 69. Kf4 Kc2  0-1

[Event "Niederoesterreichische Landesliga 2014/2015"]
[Site "NOE"]
[Date "2014.10.05"]
[Round "1"]
[Board "2"]
[White "Lechner, Daniel"]
[Black "Zwettler, Martin"]
[Result "0-1"]
[WhiteElo "2211"]
[BlackElo "2206"]
[PlyCount "54"]
[EventDate "2014.10.05"]
[EventType "team"]
[EventRounds "11"]
[EventCountry "AUT"]
[WhiteTeam "Sparkasse Bad Voeslau/Kottingbrunn"]
[BlackTeam "SK Zwettl 2"]

1. d4 e6 2. c4 b6 3. Nc3 Bb7 4. Nf3 Bb4 5. g3 f5 6. Bg2 Nf6 7. O-O O-O 8. Bd2
Qe7 9. a3 Bxc3 10. Bxc3 d6 11. Rc1 Nbd7 12. b4 c5 13. Bb2 Rac8 14. Qa4 Bc6 15.
b5 Be4 16. Rfd1 Rc7 17. dxc5 Nxc5 18. Qb4 e5 19. Rd2 Rfc8 20. Ne1 Bxg2 21. Nxg2
Nb7 22. Ne3 Qe6 23. Nd5 Nxd5 24. Rxd5 Rc5 25. Rc2 Na5 26. Rcd2 Nxc4 27. Rd1
Rxd5  0-1

[Event "Niederoesterreichische Landesliga 2014/2015"]
[Site "NOE"]
[Date "2014.10.05"]
[Round "1"]
[Board "3"]
[White "Stadler, Peter"]
[Black "Juhasz, Armin"]
[Result "1/2-1/2"]
[WhiteElo "2147"]
[BlackElo "2298"]
[PlyCount "89"]
[EventDate "2014.10.05"]
[EventType "team"]
[EventRounds "11"]
[EventCountry "AUT"]
[WhiteTeam "SK Zwettl 2"]
[BlackTeam "Sparkasse Bad Voeslau/Kottingbrunn"]

1. d4 Nf6 2. Nf3 b6 3. g3 Bb7 4. Bg2 e6 5. c4 Bb4+ 6. Bd2 Be7 7. O-O O-O 8. Bf4
d6 9. Nc3 Nbd7 10. Qd3 c5 11. d5 e5 12. Bd2 Ne8 13. e4 g6 14. Bh3 Ng7 15. Bh6
Bc8 16. Nd2 Nf6 17. Bxc8 Qxc8 18. Kg2 Ng4 19. Be3 f5 20. f4 Bf6 21. fxe5 Nxe3+
22. Qxe3 Bxe5 23. Nf3 Bxc3 24. bxc3 Qa6 25. exf5 Rae8 26. Qd3 Nxf5 27. Rae1
Qxa2+ 28. Rf2 Qa4 29. Rfe2 Rxe2+ 30. Qxe2 Ng7 31. Ng5 Qd7 32. Ne6 Nxe6 33. dxe6
Qe7 34. Qe4 Kg7 35. Qc6 Re8 36. h4 h5 37. Re4 Rf8 38. Qd5 Rf5 39. Qc6 Re5 40.
Qd7 Kf6 41. Rf4+ Rf5 42. Re4 Re5 43. Rf4+ Rf5 44. Re4 Re5 45. Rf4+  1/2-1/2

[Event "Niederoesterreichische Landesliga 2014/2015"]
[Site "NOE"]
[Date "2014.10.05"]
[Round "1"]
[Board "4"]
[White "Haas, Bernhard"]
[Black "Lipp, Alfred"]
[Result "0-1"]
[WhiteElo "2024"]
[BlackElo "2119"]
[PlyCount "84"]
[EventDate "2014.10.05"]
[EventType "team"]
[EventRounds "11"]
[EventCountry "AUT"]
[WhiteTeam "Sparkasse Bad Voeslau/Kottingbrunn"]
[BlackTeam "SK Zwettl 2"]

1. d4 d5 2. c4 e6 3. Nf3 Nf6 4. g3 Be7 5. Bg2 O-O 6. O-O dxc4 7. Qc2 a6 8. Qxc4
b5 9. Qc2 Bb7 10. Bd2 Nc6 11. e3 Ra7 12. Rd1 Qa8 13. Ne1 Bd6 14. a3 e5 15. d5
Ne7 16. e4 Bc8 17. Nd3 Nd7 18. f4 f5 19. Bc3 fxe4 20. Nxe5 Nf6 21. Bxe4 Nxe4
22. Qxe4 Bb7 23. Qd4 Nf5 24. Qf2 Bxd5 25. Nd2 g5 26. Ndf3 gxf4 27. gxf4 c5 28.
Rxd5 Qxd5 29. Kh1 Rg7 30. Rg1 Rxg1+ 31. Qxg1+ Ng7 32. Qg3 Rf6 33. Ng4 Qd1+ 34.
Kg2 Rg6 35. Nh6+ Kf8 36. Ng5 Qe2+ 37. Kg1 Rxh6 38. Nxh7+ Rxh7 39. h4 c4 40. Qg5
Qe3+ 41. Kg2 Qe4+ 42. Kg1 Qxf4  0-1

[Event "Niederoesterreichische Landesliga 2014/2015"]
[Site "NOE"]
[Date "2014.10.26"]
[Round "2"]
[Board "1"]
[White "Theissl-Pokorna, Regina"]
[Black "Banusz, Tamas"]
[Result "1/2-1/2"]
[WhiteElo "2362"]
[BlackElo "2595"]
[PlyCount "146"]
[EventDate "2014.10.05"]
[EventType "team"]
[EventRounds "11"]
[EventCountry "AUT"]
[WhiteTeam "Sparkasse Bad Voeslau/Kottingbrunn"]
[BlackTeam "SV Amstetten"]

1. e4 e5 2. Nf3 Nc6 3. d4 exd4 4. Nxd4 Nf6 5. Nc3 Bc5 6. Nxc6 bxc6 7. Bd3 d6 8.
O-O Ng4 9. Qf3 Qh4 10. Qg3 Qxg3 11. hxg3 a5 12. Na4 Ba7 13. Bd2 O-O 14. c4 f5
15. c5 Ne5 16. Bc2 fxe4 17. Bxa5 Bxc5 18. Nxc5 Rxa5 19. Nxe4 Bf5 20. Rfe1 Rb8
21. b3 Bg6 22. f4 Ng4 23. Bd1 Re8 24. Bxg4 Rxe4 25. Rec1 c5 26. Bf3 Rb4 27. Re1
Kf8 28. Re3 Rb8 29. Bd5 Ra3 30. g4 Re8 31. Be6 Bf7 32. f5 Bxe6 33. fxe6 Ke7 34.
Rf1 Rf8 35. Rxf8 Kxf8 36. e7+ Ke8 37. Re2 Ra8 38. Kf2 Kd7 39. a4 Ke8 40. Kf3
Rb8 41. Re3 Rb4 42. g5 c4 43. bxc4 Rxc4 44. Ra3 Kxe7 45. a5 Rb4 46. a6 Rb8 47.
a7 Ra8 48. Ke4 Kd7 49. Kf5 Ke7 50. g4 g6+ 51. Ke4 Kd7 52. Rh3 Rxa7 53. Rxh7+
Ke6 54. Rg7 Ra4+ 55. Kf3 c5 56. Rxg6+ Ke5 57. Rf6 Ra3+ 58. Kf2 c4 59. Rf5+ Ke4
60. g6 Ra2+ 61. Kg3 Ra8 62. g7 Rg8 63. Rf7 c3 64. Rc7 d5 65. Rxc3 Rxg7 66. Rc8
d4 67. Re8+ Kd3 68. Kf4 Rf7+ 69. Ke5 Rf2 70. Rd8 Re2+ 71. Kf6 Ke3 72. Re8+ Kf3
73. Rxe2 Kxe2  1/2-1/2